Finland : 2008 Article IV Consultation; Staff Report; Staff Statement; Public Information Notice on the Executive Board Discussion; and Statement by the Executive Director for Finland.

Finland's 2008 Article IV Consultation shows that spillovers from the global turmoil are adversely affecting activity and may weaken the financial system. From a cyclical perspective, a fiscal structural loosening is warranted. Its effectiveness in Finland's small, open economy would be li...

תיאור מלא

מידע ביבליוגרפי
מחבר תאגידי: International Monetary Fund
פורמט: כתב-עת
שפה:English
יצא לאור: Washington, D.C. : International Monetary Fund, 2009.
סדרה:IMF Staff Country Reports; Country Report ; No. 2009/039
גישה מקוונת:Full text available on IMF
LEADER 01720cas a2200241 a 4500
001 AALejournalIMF005606
008 230101c9999 xx r poo 0 0eng d
020 |c 5.00 USD 
020 |z 9781451813302 
022 |a 1934-7685 
040 |a BD-DhAAL  |c BD-DhAAL 
110 2 |a International Monetary Fund. 
245 1 0 |a Finland :   |b 2008 Article IV Consultation; Staff Report; Staff Statement; Public Information Notice on the Executive Board Discussion; and Statement by the Executive Director for Finland. 
264 1 |a Washington, D.C. :  |b International Monetary Fund,  |c 2009. 
300 |a 1 online resource (85 pages) 
490 1 |a IMF Staff Country Reports 
500 |a <strong>Off-Campus Access:</strong> No User ID or Password Required 
500 |a <strong>On-Campus Access:</strong> No User ID or Password Required 
506 |a Electronic access restricted to authorized BRAC University faculty, staff and students 
520 3 |a Finland's 2008 Article IV Consultation shows that spillovers from the global turmoil are adversely affecting activity and may weaken the financial system. From a cyclical perspective, a fiscal structural loosening is warranted. Its effectiveness in Finland's small, open economy would be limited in the absence of an EU-wide fiscal package. The authorities have been confident that an EU-coordinated budget expansion is in the works. There has been agreement that loosening should be designed to minimize damage to long-term fiscal sustainability. 
538 |a Mode of access: Internet 
830 0 |a IMF Staff Country Reports; Country Report ;  |v No. 2009/039 
856 4 0 |z Full text available on IMF  |u http://elibrary.imf.org/view/journals/002/2009/039/002.2009.issue-039-en.xml  |z IMF e-Library